| 000 | 00334nam a22001337a 4500 | ||
|---|---|---|---|
| 008 | 181015b xxu||||| |||| 00| 0 eng d | ||
| 020 | _a0130645699 | ||
| 041 | _aeng | ||
| 080 |
_25 ed _a316 |
||
| 100 | _a50 | ||
| 101 | _aSOC | ||
| 245 |
_aIdeology And The Development Of Sociological Theory _cZeitin.I.M |
||
| 942 |
_2udc _cBK |
||
| 999 |
_c49720 _d49720 |
||